00557nam a2200157Ia 4500008004000000082002100040100001700061245005800078260003400136300000800170650002500178690002300203906001100226999001700237952014500254210210b1979 xxu||||| |||| 00| 0 eng d a321.8097302 GOVU aGOVIL (S P). aUpkar's constitution of the United States of America. aAgra.bUpkar Prakashan.c1979 a148 aConstitution of USA. aModern Governments a034556 c85431d85431 001040708Political ScienceaALbALcPolitical Scienced2021-02-17g8.00l0o321.8097302 GOVUp034556r2021-02-17 00:00:00w2021-02-17yBK